000 00651nam a2200181Ia 4500
008 090123s9999 xx 000 0 und d
082 _b40433
100 _aकणेकर शिरिष मधुकर
245 _aपुन्हा यादोंकी बारात
250 _a2
260 _bराजा प्रकाशन
300 _a181
600 _aकणेकर शिरिष मधुकर
630 _aपुन्हा यादोंकी बारात
700 _aकणेकर शिरिष मधुकर
730 _aपुन्हा यादोंकी बारात
942 _cBOOK
999 _c78505
_d78505